Cuentistas cubanas de hoy /

Guardado en:
Autor Principal: Bobes, Marilyn
Formato: Libro
Publicado: Buenos Aires : Instituto Movilizador de Fondos Cooperativos, 2001
Series:Desde la gente
Materias:
Etiquetas: Agregar Etiqueta
Sin Etiquetas, Sea el primero en etiquetar este registro!
LEADER 01262nam a22002295a 4500
001 CEM.cems010794
005 20100920121908.0
008 130507s2001##################000#0#####d
003 CEMS
020 |a 9508600993 
082 0 4 |a Cu868.4 
100 1 |a Bobes, Marilyn 
245 1 0 |a Cuentistas cubanas de hoy /  |c Prólogo de Marilyn Bobes 
260 |a Buenos Aires :  |b Instituto Movilizador de Fondos Cooperativos,  |c 2001 
300 |a 111 p. 
490 0 |a Desde la gente 
505 0 |a Once caballos / Dora Alonso -- Crepúsculo / Iris Dávila -- La esclava del caracol / Marta Rojas -- La tía / Esther Díaz Llanillo -- Los cuartos / María Elena Llana -- El búfalo ciego / Mirta Yañez -- Hipótesis acerca del origen de una foto encontrada en la arena / Enid Vian -- Tirar la primera piedra / Nancy Alonso -- Un murmullo de arena / Olga Marta Pérez -- El sueño recurrente / Margarita Sánchez Gallinal -- Tía Enma / Aída Bahr -- Antes del cumpleaños / Adelaida Fernández de Juan -- La violinista verde, según Chagall / Anna Lidia Vega -- El oso hormiguero / Mylene Fernández Pintado 
653 |a Literatura 
653 |a Literatura cubana 
653 |a Cuentos 
653 |a Cuentos cubanos 
859 |a CEMS  |b BIB. CEMS - 11 de abril  |h Cu868.4  |i B63  |p 21483.01  |t Ej.1